Dibujara manga: (Record no. 1269)

MARC details
000 -LEADER
fixed length control field 00671nam a22002057a 4500
003 - CONTROL NUMBER IDENTIFIER
control field OSt
005 - DATE AND TIME OF LATEST TRANSACTION
control field 20251125235746.0
008 - FIXED-LENGTH DATA ELEMENTS--GENERAL INFORMATION
fixed length control field 250506b |||||||| |||| 00| 0 spa d
020 ## - INTERNATIONAL STANDARD BOOK NUMBER
International Standard Book Number 978-9962-04-086-6
040 ## - CATALOGING SOURCE
Language of cataloging spa
Transcribing agency BPMC
082 ## - DEWEY DECIMAL CLASSIFICATION NUMBER
Classification number 741.58 G216
100 ## - MAIN ENTRY--PERSONAL NAME
Personal name García, Robert
245 ## - TITLE STATEMENT
Title Dibujara manga:
Remainder of title Paso a paso. /
Statement of responsibility, etc. Robert García y Fernando Casaus
260 ## - PUBLICATION, DISTRIBUTION, ETC.
Place of publication, distribution, etc. Barcelona:
Name of publisher, distributor, etc. Lexus,
Date of publication, distribution, etc. 2013
300 ## - PHYSICAL DESCRIPTION
Extent 591 p.,
Other physical details il.,
Dimensions 27 x 20 cm.
505 ## - FORMATTED CONTENTS NOTE
Formatted contents note Introducción. Chicas. Fantasía. Ciencia Ficción. Monstruos. Oriental. Música. Deporte. Dibujar Manga por ordenador.
650 ## - SUBJECT ADDED ENTRY--TOPICAL TERM
Topical term or geographic name entry element DISEÑO GRAFICO
700 ## - ADDED ENTRY--PERSONAL NAME
Personal name Casaus, Fernando
942 ## - ADDED ENTRY ELEMENTS (KOHA)
Source of classification or shelving scheme Dewey Decimal Classification
Koha item type LIBROS-BILIOTECA
Suppress in OPAC No
Holdings
Withdrawn status Lost status Source of classification or shelving scheme Damaged status Not for loan Home library Current library Date acquired Total checkouts Barcode Date last seen Price effective from Koha item type
    Dewey Decimal Classification     PROF. MARCIA CORDOVA PROF. MARCIA CORDOVA 06/05/2025   BPMC001431 06/05/2025 06/05/2025 LIBROS-BILIOTECA